[Event "4NCL Division 2a"]
[Site "Birmingham, ENG ENG"]
[Date "2016.01.24"]
[Round "4.211"]
[White "Pitcher, John"]
[Black "Rogers, Jonathan W"]
[Result "0-1"]
[WhiteElo "2245"]
[BlackElo "2280"]
[EventDate "2016.01.24"]
[PlyCount "104"]
[WhiteTeam "Warwickshire Select 1"]
[BlackTeam "Barbican 4NCL Youth"]

1.e4 e5 2.Bc4 Nf6 3.d3 c6 4.Nf3 Be7 5.O-O d6 6.Bb3 O-O 7.Re1 Be6 8.c3 Bxb3
9.Qxb3 Qb6 10.Qc2 Nbd7 11.d4 Rfe8 12.Nbd2 Bf8 13.Nf1 exd4 14.cxd4 d5 15.e5
Ne4 16.Ng3 Nxg3 17.hxg3 c5 18.Be3 Rac8 19.Qf5 Qe6 20.Qd3 c4 21.Qc2 Qg6 22.
Qe2 Qg4 23.Qc2 b5 24.Ng5 g6 25.Nh3 Nb6 26.Kh2 Qf5 27.Qe2 Rc6 28.g4 Qd7 29.
g5 Rec8 30.Rac1 a6 31.f3 c3 32.b3 c2 33.Nf2 h5 34.Nd3 Ba3 35.Ra1 Qe7 36.f4
Qe6 37.Bc1 Bxc1 38.Raxc1 Qf5 39.Qd2 a5 40.Nc5 Nd7 41.Rxc2 Nxc5 42.dxc5 
Rxc5 43.Rxc5 {(=)} 43...Rxc5 44.Re2 b4 45.Kg1 h4 46.e6 fxe6 47.Qe3 Rc6 48.
Re1 Qf8 49.Qe5 Qc5+ 50.Kh1 Qc3 51.Qe2 h3 52.Rd1 Qg3 0-1

[Event "4NCL Division 2a"]
[Site "Birmingham, ENG ENG"]
[Date "2016.01.24"]
[Round "4.212"]
[White "Goldie, Thomas"]
[Black "Mason, Donald J"]
[Result "1/2-1/2"]
[WhiteElo "2243"]
[BlackElo "2207"]
[EventDate "2016.01.24"]
[PlyCount "70"]
[WhiteTeam "Barbican 4NCL Youth"]
[BlackTeam "Warwickshire Select 1"]

1.e4 e5 2.Nf3 Nc6 3.Bc4 Nf6 4.d3 Be7 5.Bb3 O-O 6.c3 d5 7.Qe2 Re8 8.Nbd2 
Bf8 9.h3 Na5 10.Bc2 c5 11.Nf1 b5 12.g4 c4 13.Bg5 Bb7 14.Ng3 h6 15.Bxf6 
Qxf6 16.h4 b4 17.g5 Qb6 18.gxh6 Qxh6 19.Nf5 Qh5 20.Rg1 f6 21.Rg3 bxc3 22.
bxc3 Rac8 23.dxc4 Rxc4 24.Nd2 Qxe2+ 25.Kxe2 Rc7 26.exd5 Bxd5 27.Ne4 Bc4+ 
28.Bd3 Bxd3+ 29.Kxd3 Rd8+ 30.Kc2 Nc4 31.Rd3 Na3+ 32.Kd2 Rxd3+ 33.Kxd3 Rd7+
34.Ke2 Kf7 35.Ne3 g6 1/2-1/2

[Event "4NCL Division 2a"]
[Site "Birmingham, ENG ENG"]
[Date "2016.01.24"]
[Round "4.213"]
[White "Thomas, Nicholas"]
[Black "Coleman, David J"]
[Result "1-0"]
[WhiteElo "2222"]
[BlackElo "2184"]
[EventDate "2016.01.24"]
[PlyCount "65"]
[WhiteTeam "Warwickshire Select 1"]
[BlackTeam "Barbican 4NCL Youth"]

1.e4 c5 2.Nc3 Nc6 3.g3 g6 4.Bg2 Bg7 5.d3 d6 6.f4 e6 7.Nf3 Nge7 8.O-O O-O 
9.Be3 Nd4 10.e5 Nef5 11.Bf2 Nxf3+ 12.Qxf3 Nd4 13.Qd1 dxe5 14.fxe5 Bxe5 15.
Ne4 f5 16.Nxc5 Qc7 17.b4 Bg7 18.c3 Nb5 19.d4 Nxc3 20.Qe1 Ne4 21.Nxe4 fxe4 
22.Qxe4 Qb6 23.Be3 Qxb4 24.Rxf8+ Qxf8 25.Rd1 Qd6 26.Bf4 e5 27.Qd5+ Qxd5 
28.Bxd5+ Kf8 29.dxe5 g5 30.Bxg5 Bxe5 31.Re1 Bd4+ 32.Kg2 Bd7 33.Bh6+ 1-0

[Event "4NCL Division 2a"]
[Site "Birmingham, ENG ENG"]
[Date "2016.01.24"]
[Round "4.214"]
[White "Moss, Guy"]
[Black "Lam, Paul G M"]
[Result "1-0"]
[WhiteElo "2170"]
[BlackElo "2192"]
[EventDate "2016.01.24"]
[PlyCount "85"]
[WhiteTeam "Barbican 4NCL Youth"]
[BlackTeam "Warwickshire Select 1"]

1.e4 c6 2.d4 Na6 3.Nf3 Nc7 4.c4 d6 5.b3 g6 6.Bb2 Bg7 7.Nbd2 Nf6 8.Qc2 O-O 
9.Bd3 b6 10.O-O Bb7 11.Rfe1 Rc8 12.Rad1 Ne6 13.Qb1 d5 14.e5 Nd7 15.Nf1 c5 
16.dxc5 Ndxc5 17.Bc2 Nc7 18.Ne3 e6 19.b4 Nd7 20.cxd5 Nxd5 21.Nxd5 Bxd5 22.
Be4 Bc4 23.Rd6 Qe7 24.Red1 Rc7 25.Qc2 Nxe5 26.Bxe5 Bxe5 27.Rc6 Bb5 28.Nxe5
Bxc6 29.Nxc6 Qg5 30.Qd3 b5 31.Qd6 Rfc8 {(=)} 32.g3 Kg7 33.h4 Qf6 34.Kg2 h5
35.Rd3 e5 36.Qxf6+ Kxf6 37.Rd6+ Kg7 38.Bd5 Re8 39.Kf3 f5 40.Nd8 Rc3+ 41.
Kg2 e4 42.Ne6+ Kf6 43.Nc7+ 1-0

[Event "4NCL Division 2a"]
[Site "Birmingham, ENG ENG"]
[Date "2016.01.24"]
[Round "4.215"]
[White "Shephard, Chris C W"]
[Black "Brett, Andrew R"]
[Result "1/2-1/2"]
[WhiteElo "2177"]
[BlackElo "2098"]
[EventDate "2016.01.24"]
[PlyCount "49"]
[WhiteTeam "Warwickshire Select 1"]
[BlackTeam "Barbican 4NCL Youth"]

1.c4 e5 2.Nc3 Nf6 3.g3 Bb4 4.Bg2 O-O 5.Nf3 Re8 6.O-O e4 7.Nd4 Nc6 8.Nc2 
Bxc3 9.dxc3 d6 10.Bg5 h6 11.Bxf6 Qxf6 12.Ne3 Ne5 13.Qd4 Qd8 14.Rad1 Ng4 
15.Nxg4 Bxg4 16.f3 exf3 17.exf3 Be6 18.f4 Qc8 19.Rde1 Bd7 20.c5 dxc5 21.
Qxc5 c6 22.Qd6 Be6 23.b3 Qd8 24.Qc5 Qb6 25.Qf2 1/2-1/2

[Event "4NCL Division 2a"]
[Site "Birmingham, ENG ENG"]
[Date "2016.01.24"]
[Round "4.216"]
[White "Regan, Natasha K"]
[Black "Baruch, Andrew J D"]
[Result "1/2-1/2"]
[WhiteElo "2060"]
[BlackElo "2067"]
[EventDate "2016.01.24"]
[PlyCount "81"]
[WhiteTeam "Barbican 4NCL Youth"]
[BlackTeam "Warwickshire Select 1"]

1.Nf3 g6 2.c4 Bg7 3.g3 c5 4.Bg2 Nc6 5.O-O Nf6 6.Nc3 O-O 7.d4 cxd4 8.Nxd4 
Nxd4 9.Qxd4 d6 10.Qh4 Qb6 11.Rb1 Be6 12.Nd5 Bxd5 13.cxd5 Qa6 14.e4 Qxa2 
15.Be3 Rfc8 16.Ra1 Qb3 17.Bxa7 Rc4 18.Be3 Rxa1 19.Rxa1 h5 20.Ra8+ Kh7 21.
Bf3 Bh6 22.Bxh5 gxh5 23.Bxh6 Rxe4 24.Qg5 Re1+ 25.Kg2 Qxd5+ 26.Qxd5 Nxd5 
27.Bd2 Re2 28.Bc3 Nxc3 29.bxc3 Kg6 30.h4 Rc2 31.Ra7 Rxc3 32.Rxb7 Kf6 33.
Rb4 d5 34.Kf1 Rc2 35.Ke1 e6 36.Rb8 d4 37.Rd8 e5 38.Rh8 Kg6 39.Rg8+ Kh6 40.
Rh8+ Kg6 41.Rg8+ 1/2-1/2

[Event "4NCL Division 2a"]
[Site "Birmingham, ENG ENG"]
[Date "2016.01.24"]
[Round "4.217"]
[White "Cooper, David M"]
[Black "Stewart, Ashley"]
[Result "1/2-1/2"]
[WhiteElo "2056"]
[BlackElo "2063"]
[EventDate "2016.01.24"]
[PlyCount "102"]
[WhiteTeam "Warwickshire Select 1"]
[BlackTeam "Barbican 4NCL Youth"]

1.e4 c5 2.Nc3 g6 3.f4 Bg7 4.Nf3 Nc6 5.Bb5 Nd4 6.O-O Nxb5 7.Nxb5 d5 8.e5 a6
9.Nc3 d4 10.Ne4 Qd5 11.d3 Nh6 12.Qe2 O-O 13.a4 b6 14.Bd2 Bb7 15.b3 b5 16.
axb5 axb5 17.h3 f6 18.exf6 exf6 19.Qf2 Nf5 20.Kh1 Rfe8 21.Rfe1 Nd6 22.Nxd6
Qxd6 23.Rxa8 Rxa8 24.b4 cxb4 25.Qxd4 Qxd4 26.Nxd4 f5 27.Nxb5 Bc6 28.Nd6 
Ra2 29.Rc1 Bb2 30.Rb1 Ba3 31.Nc4 Rxc2 32.Kg1 Bd5 33.Ne3 Rxd2 34.Nxd5 Rxd3 
35.Nxb4 Rd7 36.Nc6 Bc5+ 37.Kh2 Be3 38.Rb4 Bd2 39.Rd4 Rxd4 40.Nxd4 Bxf4+ 
41.g3 Bd6 42.Kg2 Kf7 43.Kf3 Kf6 44.h4 h6 45.Ne2 Be5 46.Nc1 Ke6 47.Nd3 Kd5 
48.Nf2 Kd4 49.Nh3 Kd3 50.Nf2+ Kd2 51.Nh3 Kd3 1/2-1/2

[Event "4NCL Division 2a"]
[Site "Birmingham, ENG ENG"]
[Date "2016.01.24"]
[Round "4.218"]
[White "Klingher, Dominic"]
[Black "Donegan, Kate M"]
[Result "1-0"]
[WhiteElo "1997"]
[BlackElo "1570"]
[EventDate "2016.01.24"]
[PlyCount "63"]
[WhiteTeam "Barbican 4NCL Youth"]
[BlackTeam "Warwickshire Select 1"]

1.e4 e6 2.d3 d5 3.Nd2 c5 4.g3 Nf6 5.Bg2 Nc6 6.Ngf3 Be7 7.O-O O-O 8.Re1 Re8
9.c3 Qb6 10.Nf1 d4 11.c4 e5 12.h3 Qc7 13.g4 Be6 14.Ng3 Qc8 15.Nf5 Bxf5 16.
exf5 Bd6 17.g5 Nd7 18.Nh4 g6 19.Qg4 Nb6 20.f4 Qc7 21.fxg6 fxg6 22.f5 Kg7 
23.Be4 Qc8 24.Rf1 Bc7 25.Kh1 Nd8 26.Bd2 a5 27.a3 a4 28.Rf3 Bd6 29.Raf1 Rb8
30.Qg3 Ra8 31.fxg6 hxg6 32.Nxg6 1-0

[Event "4NCL Division 2a"]
[Site "Birmingham, ENG ENG"]
[Date "2016.01.24"]
[Round "4.221"]
[White "Tavares, Shawn P"]
[Black "Povah, Nigel E"]
[Result "1/2-1/2"]
[WhiteElo "2127"]
[BlackElo "2304"]
[EventDate "2016.01.24"]
[PlyCount "73"]
[WhiteTeam "Grantham Sharks 2"]
[BlackTeam "Guildford 3"]

1.Nf3 Nf6 2.c4 c5 3.g3 b6 4.Bg2 Bb7 5.O-O e6 6.b3 Be7 7.Bb2 O-O 8.e3 d6 9.
Nc3 Nbd7 10.Qe2 a6 11.Rfd1 Qc7 12.d4 Rfe8 13.Rac1 Rad8 14.Qc2 Qb8 15.a4 
Qa8 16.Ne1 cxd4 17.exd4 Rc8 18.Bxb7 Qxb7 19.Qe2 d5 20.Nc2 h6 21.Ne3 Bb4 
22.Na2 Bf8 23.Nc3 Qa8 24.Qf3 Ne4 25.cxd5 Nxc3 26.Rxc3 Rxc3 27.Bxc3 Nf6 28.
Kg2 exd5 29.Ng4 {(=)} 29...Ne4 30.Bd2 Re6 31.Be3 Rc6 32.Rc1 Rxc1 33.Bxc1 
Qc8 34.Ne5 f6 35.Qg4 Qxg4 36.Nxg4 Kf7 37.f3 1/2-1/2

[Event "4NCL Division 2a"]
[Site "Birmingham, ENG ENG"]
[Date "2016.01.24"]
[Round "4.222"]
[White "Zhang, Anthony Y"]
[Black "Birtwistle, Nigel"]
[Result "1/2-1/2"]
[WhiteElo "2267"]
[BlackElo "2119"]
[EventDate "2016.01.24"]
[PlyCount "48"]
[WhiteTeam "Guildford 3"]
[BlackTeam "Grantham Sharks 2"]

1.d4 Nf6 2.Nf3 c5 3.d5 g6 4.c4 b5 5.cxb5 a6 6.bxa6 Bxa6 7.Nc3 d6 8.e4 Bxf1
9.Kxf1 Qc8 10.g3 Qh3+ 11.Kg1 Bg7 12.Ng5 Qg4 13.Qxg4 Nxg4 14.Bd2 Ne5 15.Nb5
O-O 16.Bc3 Nbd7 17.Kg2 h6 18.Nf3 Rfb8 19.Nxe5 Bxe5 20.Bxe5 Nxe5 21.a4 Nc4 
22.Rhb1 Nd2 23.Re1 Nc4 24.Reb1 Nd2 1/2-1/2

[Event "4NCL Division 2a"]
[Site "Birmingham, ENG ENG"]
[Date "2016.01.24"]
[Round "4.223"]
[White "Murphy, Hugh W"]
[Black "Granat, Russell G"]
[Result "1/2-1/2"]
[WhiteElo "2151"]
[BlackElo "2203"]
[EventDate "2016.01.24"]
[PlyCount "45"]
[WhiteTeam "Grantham Sharks 2"]
[BlackTeam "Guildford 3"]

1.d4 Nf6 2.Nf3 d5 3.e3 g6 4.b4 a5 5.b5 Bg7 6.Bb2 O-O 7.Nbd2 Nbd7 8.c4 c6 
9.Rc1 Ne4 10.Be2 f5 11.O-O e6 12.Qc2 g5 13.bxc6 bxc6 14.cxd5 cxd5 15.Qc6 
Nxd2 16.Qxa8 Nxf1 17.Bxf1 g4 18.Ne1 Qb6 19.Bc3 Bb7 20.Qxa5 Qxa5 21.Bxa5 
Ra8 22.Bb4 Ba6 23.a3 1/2-1/2

[Event "4NCL Division 2a"]
[Site "Birmingham, ENG ENG"]
[Date "2016.01.24"]
[Round "4.224"]
[White "Golding, Alex"]
[Black "Varnam, Liam D"]
[Result "0-1"]
[WhiteElo "2057"]
[BlackElo "2134"]
[EventDate "2016.01.24"]
[PlyCount "90"]
[WhiteTeam "Guildford 3"]
[BlackTeam "Grantham Sharks 2"]

1.e4 e5 2.Nf3 Nc6 3.Bc4 Nf6 4.Qe2 Be7 5.Nc3 d6 6.h3 O-O 7.a3 Nd4 8.Nxd4 
exd4 9.Nd5 Nxd5 10.exd5 Bf5 11.Bd3 Bxd3 12.Qxd3 Bf6 13.O-O c5 14.b3 Qc7 
15.Bb2 Rfc8 16.Qc4 a6 17.a4 Qa5 18.Qd3 Rab8 19.Rfe1 Qc7 20.a5 Re8 21.Qg3 
Rxe1+ 22.Rxe1 Be5 23.f4 Bf6 24.Re4 Qxa5 25.Qe1 Qd8 26.g3 Kf8 27.d3 Qd7 28.
Kg2 Qf5 29.g4 Qxd5 30.g5 Bd8 31.Kh2 Qc6 32.Qh4 d5 33.Re2 Kg8 34.Qg4 Bc7 
35.Kg2 Re8 36.f5 Re3 37.Rxe3 dxe3 38.Bxg7 d4+ 39.Kf1 Qh1+ 40.Ke2 Qh2+ 41.
Kf3 Qf2+ 42.Ke4 e2 43.g6 e1=Q+ 44.Kd5 Qh1+ 45.Kxc5 Qc6+ 0-1

[Event "4NCL Division 2a"]
[Site "Birmingham, ENG ENG"]
[Date "2016.01.24"]
[Round "4.225"]
[White "Willis, Rupert"]
[Black "Punnett, Alan K"]
[Result "1-0"]
[WhiteElo "2121"]
[BlackElo "2117"]
[EventDate "2016.01.24"]
[PlyCount "95"]
[WhiteTeam "Grantham Sharks 2"]
[BlackTeam "Guildford 3"]

1.Nf3 Nf6 2.c4 c5 3.g3 Nc6 4.Bg2 g6 5.O-O Bg7 6.d4 cxd4 7.Nxd4 O-O 8.Nc3 
Nxd4 9.Qxd4 d6 10.Qd3 Ng4 11.b3 Rb8 12.Bf4 Bd7 13.Rac1 Bc6 14.e4 Qa5 15.
Bd2 Qh5 16.h3 Ne5 17.Qe3 Bd7 18.Nd5 Nc6 19.b4 Rfe8 20.g4 Qh4 21.b5 Nd4 22.
Bc3 Ne6 23.Bxg7 Kxg7 24.e5 dxe5 25.Qxe5+ f6 26.Qe3 b6 27.a4 h5 28.gxh5 
Qxh5 29.a5 Ng5 30.Rc3 e6 31.Nf4 Qh6 32.Rd1 Re7 33.c5 bxc5 34.Qxc5 Rbe8 35.
Rcd3 Bc8 36.Rd8 Nf3+ 37.Bxf3 Qxf4 38.Rxe8 Rxe8 39.Qxa7+ Kg8 40.Bc6 Qg5+ 
41.Kh1 Qf5 42.Qe3 Rf8 43.a6 Kg7 44.a7 Rh8 45.Kg2 e5 46.a8=Q Rxh3 47.Qaa7+ 
Kh8 48.Rd8# 1-0

[Event "4NCL Division 2a"]
[Site "Birmingham, ENG ENG"]
[Date "2016.01.24"]
[Round "4.226"]
[White "Shepley, Julien M"]
[Black "Kafka, Graeme"]
[Result "0-1"]
[WhiteElo "2042"]
[BlackElo "2059"]
[EventDate "2016.01.24"]
[PlyCount "58"]
[WhiteTeam "Guildford 3"]
[BlackTeam "Grantham Sharks 2"]

1.e4 c5 2.Nf3 d6 3.Bb5+ Bd7 4.Bxd7+ Nxd7 5.d4 cxd4 6.Qxd4 Ngf6 7.O-O Qb6 
8.Nc3 Qxd4 9.Nxd4 a6 10.f3 g6 11.Be3 Bg7 12.Rfd1 O-O 13.Nd5 Nxd5 14.exd5 
Nb6 15.Ne2 Nc4 16.Bd4 Rac8 17.c3 Nxb2 18.Bxg7 Kxg7 19.Rdb1 Na4 20.Rxb7 
Nxc3 21.Nxc3 Rxc3 22.Rxe7 Rb8 23.Ra7 Rc2 24.Rxa6 Rbb2 25.a4 Rxg2+ 26.Kh1 
Rxh2+ 27.Kg1 h5 28.Rb1 Rbg2+ 29.Kf1 h4 0-1

[Event "4NCL Division 2a"]
[Site "Birmingham, ENG ENG"]
[Date "2016.01.24"]
[Round "4.227"]
[White "Batchelor, Guy J"]
[Black "Smart, Michael R"]
[Result "1-0"]
[WhiteElo "2020"]
[BlackElo "2027"]
[EventDate "2016.01.24"]
[PlyCount "71"]
[WhiteTeam "Grantham Sharks 2"]
[BlackTeam "Guildford 3"]

1.e4 Nf6 2.e5 Nd5 3.c4 Nb6 4.d4 d6 5.exd6 cxd6 6.Nc3 g6 7.h3 Bg7 8.Nf3 Nc6
9.Be3 O-O 10.Be2 f5 11.Qd2 e5 12.d5 Ne7 13.Bh6 Qc7 14.Bxg7 Kxg7 15.Nb5 Qd8
16.Qb4 Rf6 17.g4 fxg4 18.hxg4 Bxg4 19.Ng5 Bxe2 20.Rxh7+ Kg8 21.Kxe2 Qc8 
22.Rah1 Qg4+ 23.Ke1 Rxf2 24.Rh8+ Kg7 25.R1h7+ Kf6 26.Qxd6+ Kxg5 27.Qxe7+ 
Rf6 28.Qxe5+ Rf5 29.Qe3+ Qf4 30.Qxf4+ Rxf4 31.Rxa8 Nxa8 32.b3 a6 33.Nc3 
Rf3 34.Kd2 Rf2+ 35.Kd3 b5 36.Ne4+ 1-0

[Event "4NCL Division 2a"]
[Site "Birmingham, ENG ENG"]
[Date "2016.01.24"]
[Round "4.228"]
[White "Stimpson, Philip M"]
[Black "Summerscale, Claire E"]
[Result "1/2-1/2"]
[WhiteElo "1997"]
[BlackElo "1894"]
[EventDate "2016.01.24"]
[PlyCount "34"]
[WhiteTeam "Guildford 3"]
[BlackTeam "Grantham Sharks 2"]

1.e4 d5 2.exd5 Qxd5 3.Nc3 Qd8 4.d4 c6 5.Nf3 Nf6 6.Bc4 Bf5 7.O-O e6 8.Re1 
Be7 9.h3 O-O 10.Nh4 Bg6 11.Nxg6 hxg6 12.Be3 Nbd7 13.Bb3 Nb6 14.Qd3 Nbd5 
15.Nxd5 cxd5 16.Bf4 Bd6 17.Be5 Ne4 1/2-1/2

[Event "4NCL Division 2a"]
[Site "Birmingham, ENG ENG"]
[Date "2016.01.24"]
[Round "4.231"]
[White "Maciol, Ryszard"]
[Black "Snuverink, Jochem"]
[Result "0-1"]
[WhiteElo "2173"]
[BlackElo "2392"]
[EventDate "2016.01.24"]
[PlyCount "68"]
[WhiteTeam "Celtic Tigers 1"]
[BlackTeam "Kings Head"]

1.d4 Nf6 2.c4 e6 3.Nc3 Bb4 4.e3 b6 5.Bd3 Bb7 6.Nf3 Ne4 7.O-O f5 8.Ne2 a5 
9.a3 Be7 10.Ne1 O-O 11.f3 Nf6 12.Bd2 c5 13.Nc2 Nc6 14.Nc3 a4 15.Qe2 Na5 
16.Rad1 Nb3 17.Be1 cxd4 18.exd4 Nh5 19.f4 Qe8 20.Nb5 Qg6 21.Bb4 Bxb4 22.
axb4 Rab8 23.Nc3 Ra8 24.c5 Qh6 25.Qe3 Rf6 26.Bc4 Bxg2 27.Kxg2 Rg6+ 28.Kf3 
Rg4 29.Ne2 Nf6 30.Rh1 Qh3+ 31.Ng3 Nh5 32.Rdf1 Nxg3 33.Bxe6+ Kh8 34.Bd5 
Nxf1+ 0-1

[Event "4NCL Division 2a"]
[Site "Birmingham, ENG ENG"]
[Date "2016.01.24"]
[Round "4.232"]
[White "Kwiatkowski, Feliks J"]
[Black "Kemp, Peter D"]
[Result "1/2-1/2"]
[WhiteElo "2220"]
[BlackElo "2159"]
[PlyCount "225"]
[EventDate "2016.01.24"]
[WhiteTeam "Kings Head"]
[BlackTeam "Celtic Tigers 1"]

1. e4 e5 2. Nf3 Nc6 3. Bb5 Nf6 4. O-O Nxe4 5. Re1 Nd6 6. Nxe5 Be7 7. Bf1 O-O 8.
d4 Nf5 9. Nf3 d5 10. c3 Nh4 11. Nxh4 Bxh4 12. g3 Bf6 13. Bg2 Be6 14. Nd2 Qd7
15. Nf3 Rad8 16. Bf4 b6 17. Qd2 h6 18. h4 Bf5 19. Ne5 Nxe5 20. Bxe5 Bxe5 21.
Rxe5 c6 22. Rae1 Rfe8 23. Qf4 Rxe5 24. Rxe5 Be6 25. Qe3 Kf8 26. Qe2 Bg4 27. Qd3
f6 28. Re3 Re8 29. Bf1 Bf5 30. Rxe8+ Kxe8 31. Qe3+ Qe6 32. Qxe6+ Bxe6 33. f4 g5
34. hxg5 hxg5 35. Kf2 gxf4 36. gxf4 Bf5 37. Kg3 Kf7 38. Kh4 Kg6 39. a3 c5 40.
Be2 cxd4 41. cxd4 Bc2 42. Bg4 f5 43. Bh5+ Kh6 44. Bf7 Be4 45. Kg3 Kg7 46. Be8
Kf8 47. Bb5 Kf7 48. Kf2 Kf6 49. Ke3 Ke7 50. Kd2 Kd6 51. Kc3 Kc7 52. Ba6 Kc6 53.
Kb4 Bc2 54. a4 Bb1 55. a5 Be4 56. Bc8 Kc7 57. Be6 Kd6 58. Bf7 Kc6 59. Be8+ Kc7
60. Bb5 Kd6 61. Be2 Kc6 62. Bf1 Bb1 63. Bb5+ Kc7 64. Be8 Be4 65. Kb5 Bd3+ 66.
Kb4 Be4 67. Ba4 Bb1 68. Bb3 Be4 69. Bd1 Kc6 70. Be2 Bb1 71. Bh5 Be4 72. Be8+
Kc7 73. axb6+ axb6 74. Bb5 Bb1 75. Kc3 Kd6 76. Kd2 Be4 77. Ba6 Ke6 78. Be2 Ke7
79. Ke3 Ke6 80. Bb5 Kf6 81. Kf2 Kf7 82. Be2 Kf6 83. Bh5 Bh1 84. Kg3 Kg7 85. Kf2
Kf6 86. Ke3 Ke7 87. Kd2 Be4 88. Kc3 Kd7 89. Kb4 Kc6 90. Be8+ Kc7 91. Ba4 Kb7
92. Be8 Kc7 93. Bb5 Kd6 94. Ba4 Kc7 95. Kb5 Bd3+ 96. Kb4 Be4 97. Kc3 Kd6 98.
Bd1 Kd7 99. Bh5 Kd6 100. Kd2 Ke7 101. Ke3 Ke6 102. Kf2 Kf6 103. Kg3 Kg7 104.
Kh4 Kh6 105. Be8 Bh1 106. Bd7 Kg6 107. Be6 Kf6 108. Bd7 Kg6 109. Kg3 Kf6 110.
Be8 Kg7 111. Kh4 Kh6 112. Bf7 Be4 113. Be8 1/2-1/2

[Event "4NCL Division 2a"]
[Site "Birmingham, ENG ENG"]
[Date "2016.01.24"]
[Round "4.233"]
[White "Pedersen, Carsten"]
[Black "McMichael, Richard J"]
[Result "1/2-1/2"]
[WhiteElo "2155"]
[BlackElo "2191"]
[EventDate "2016.01.24"]
[PlyCount "74"]
[WhiteTeam "Celtic Tigers 1"]
[BlackTeam "Kings Head"]

1.e4 e6 2.d4 d5 3.Nc3 Nc6 4.Nf3 Nf6 5.Bd3 Nb4 6.Bg5 Be7 7.e5 Nxd3+ 8.cxd3 
Ng8 9.Qd2 Bd7 10.O-O h6 11.Bxe7 Nxe7 12.Ne2 O-O 13.Nh4 Ng6 14.Nxg6 fxg6 
15.f4 Qe7 16.a3 Rf7 17.Qc3 Bc6 18.g3 a6 19.Qd2 {(=)} 19...Raf8 20.Nc3 Rf5 
21.Rf2 g5 22.Raf1 gxf4 23.Rxf4 Qg5 24.R1f2 Qg6 25.Ne2 Rxf4 26.Rxf4 Rxf4 
27.Nxf4 Qf5 28.Qc3 Qf7 29.Qe1 g5 30.Nh3 Qf3 31.Nf2 h5 32.Qd2 Qf5 33.Qe3 
Be8 34.Kg2 Kg7 35.h3 Qg6 36.g4 h4 37.Qf3 Bb5 1/2-1/2

[Event "4NCL Division 2a"]
[Site "Birmingham, ENG ENG"]
[Date "2016.01.24"]
[Round "4.234"]
[White "Okike, David"]
[Black "Quinn, John M"]
[Result "1-0"]
[WhiteElo "2196"]
[BlackElo "2135"]
[EventDate "2016.01.24"]
[PlyCount "67"]
[WhiteTeam "Kings Head"]
[BlackTeam "Celtic Tigers 1"]

1.e4 c5 2.Nf3 e6 3.Nc3 Nc6 4.d4 cxd4 5.Nxd4 Qc7 6.Be3 a6 7.Qd2 Nf6 8.f3 h5
9.O-O-O Be7 10.h3 h4 11.Bd3 d6 12.Rhe1 Bd7 13.Kb1 Nxd4 14.Bxd4 b5 15.e5 
dxe5 16.Bxe5 Qb6 17.Be4 Rd8 18.Qf4 Rc8 19.Qd2 Bc6 20.Bd3 Rh5 21.f4 Rd8 22.
Qe2 Rh8 23.f5 b4 24.Ne4 Bd5 25.fxe6 Bxe6 26.Ng5 Bd5 27.b3 Kf8 28.Bc4 Qc6 
29.Bxa6 Ra8 30.Bb5 Qc5 31.Bd4 Qc7 32.Bxf6 gxf6 33.Rxd5 fxg5 34.Rd7 1-0

[Event "4NCL Division 2a"]
[Site "Birmingham, ENG ENG"]
[Date "2016.01.24"]
[Round "4.235"]
[White "Way, Julian M"]
[Black "Guthrie, David"]
[Result "1-0"]
[WhiteElo "1991"]
[BlackElo "2187"]
[EventDate "2016.01.24"]
[PlyCount "77"]
[WhiteTeam "Celtic Tigers 1"]
[BlackTeam "Kings Head"]

1.c4 e6 2.Nf3 Nf6 3.g3 b6 4.Bg2 Bb7 5.O-O g6 6.Nc3 Bg7 7.d3 O-O 8.Bg5 h6 
9.Bd2 c5 10.Rb1 d5 11.cxd5 exd5 12.Nh4 Nc6 13.a3 d4 14.Ne4 Nd5 15.Qb3 Nce7
16.Nxc5 Bc6 17.Na6 Re8 18.Rfc1 Bb7 19.Nc7 Nxc7 20.Bxb7 Rb8 21.Bf3 Ne6 22.
Ng2 Ng5 23.Bxg5 hxg5 24.Rc2 Qd7 25.Rbc1 Be5 26.a4 Kg7 27.Qb5 Qe6 28.h4 
gxh4 29.Nxh4 Rh8 30.Qc4 Qf6 31.Bg2 Rh5 32.Nf3 Rbh8 33.Nxe5 Qxe5 34.Qc7 Qf6
35.Qb7 Rh2 36.Rc7 Qg5 37.R1c2 Kf8 38.Rxe7 Qxe7 39.Rc8+ 1-0

[Event "4NCL Division 2a"]
[Site "Birmingham, ENG ENG"]
[Date "2016.01.24"]
[Round "4.236"]
[White "Wittmann, Jochen"]
[Black "Wilks, Simon"]
[Result "1/2-1/2"]
[WhiteElo "2108"]
[BlackElo "2027"]
[EventDate "2016.01.24"]
[PlyCount "29"]
[WhiteTeam "Kings Head"]
[BlackTeam "Celtic Tigers 1"]

1.f4 d5 2.Nf3 g6 3.g3 Bg7 4.Bg2 Nf6 5.O-O O-O 6.c3 c6 7.d3 Nbd7 8.Qc2 Qb6+
9.Kh1 Ng4 10.h3 Ne3 11.Bxe3 Qxe3 12.Qd2 Qxd2 13.Nbxd2 e5 14.fxe5 Nxe5 15.
Kh2 1/2-1/2

[Event "4NCL Division 2a"]
[Site "Birmingham, ENG ENG"]
[Date "2016.01.24"]
[Round "4.237"]
[White "Herring, Samuel"]
[Black "Davey, Mark"]
[Result "1-0"]
[WhiteElo "1945"]
[BlackElo "2048"]
[EventDate "2016.01.24"]
[PlyCount "49"]
[WhiteTeam "Celtic Tigers 1"]
[BlackTeam "Kings Head"]

1.d4 e6 2.e4 d5 3.Nc3 Bb4 4.e5 c5 5.a3 Bxc3+ 6.bxc3 Qc7 7.Qg4 f6 8.Nf3 
cxd4 9.cxd4 Nc6 10.Bb5 Ne7 11.O-O O-O 12.Re1 fxe5 13.Bxc6 Qxc6 14.Bg5 Ng6 
15.Nxe5 Nxe5 16.Rxe5 Qxc2 17.Qg3 Qb2 18.Rd1 Bd7 19.Bh6 Rf7 20.Rg5 Qc2 21.
Rxg7+ Kh8 22.Re1 Qf5 23.Rxf7 Qxf7 24.Qe5+ Kg8 25.Re3 1-0

[Event "4NCL Division 2a"]
[Site "Birmingham, ENG ENG"]
[Date "2016.01.24"]
[Round "4.238"]
[White "Zhang, Harvey Y"]
[Black "Zhou, Yang-Jian"]
[Result "1/2-1/2"]
[WhiteElo "1728"]
[BlackElo "1945"]
[EventDate "2016.01.24"]
[PlyCount "51"]
[WhiteTeam "Kings Head"]
[BlackTeam "Celtic Tigers 1"]

1.d4 Nf6 2.Nf3 g6 3.c4 Bg7 4.Nc3 O-O 5.e4 d6 6.h3 e5 7.d5 Nbd7 8.Bg5 h6 9.
Be3 Ne8 10.Qc1 Kh7 11.g4 Nb6 12.g5 h5 13.Rg1 c6 14.Rg3 cxd5 15.cxd5 Bd7 
16.Qd2 Rc8 17.b3 a5 18.a4 Na8 19.Be2 Rh8 20.Nb5 Kg8 21.Bd3 h4 22.Rg2 Bxh3 
23.Rh2 Qd7 24.Ng1 Bg4 25.f3 Bh5 26.Rxh4 1/2-1/2

[Event "4NCL Division 2a"]
[Site "Birmingham, ENG ENG"]
[Date "2016.01.24"]
[Round "4.241"]
[White "Asenov, Pavel"]
[Black "Ross, Chris N"]
[Result "1-0"]
[WhiteElo "2237"]
[BlackElo "2206"]
[EventDate "2016.01.24"]
[PlyCount "67"]
[WhiteTeam "Brown Jack Witney"]
[BlackTeam "MK Phoenix 1"]

1.d4 g6 2.c4 Bg7 3.e4 d6 4.Nc3 Nf6 5.f3 O-O 6.Be3 e5 7.Nge2 exd4 8.Nxd4 
Nc6 9.Qd2 Nd7 10.O-O-O Nde5 11.Be2 Nxd4 12.Bxd4 Be6 13.f4 Nc6 14.Bxg7 Kxg7
15.h4 f5 16.h5 Qf6 17.hxg6 hxg6 18.g4 fxg4 19.f5 gxf5 20.exf5 Bxf5 21.Nd5 
Qg6 22.Nf4 Qf7 23.Rh5 Ne5 24.Rg5+ Kh8 25.Rh1+ Bh7 26.Nd5 c6 27.Ne3 Rg8 28.
Rgh5 Rg7 29.Nf5 Rag8 30.Qxd6 Nf3 31.Bxf3 Qxc4+ 32.Kb1 gxf3 33.Rxh7+ Rxh7 
34.Qe5+ 1-0

[Event "4NCL Division 2a"]
[Site "Birmingham, ENG ENG"]
[Date "2016.01.24"]
[Round "4.242"]
[White "Brown, Alan M"]
[Black "Martin, Lewis"]
[Result "0-1"]
[WhiteElo "2073"]
[BlackElo "2117"]
[EventDate "2016.01.24"]
[PlyCount "50"]
[WhiteTeam "MK Phoenix 1"]
[BlackTeam "Brown Jack Witney"]

1.d4 Nf6 2.c4 g6 3.Nc3 d5 4.Bf4 Bg7 5.e3 O-O 6.Nf3 c5 7.Be2 cxd4 8.exd4 
Nc6 9.Ne5 Be6 10.Nxc6 bxc6 11.c5 Nd7 12.Qa4 Bf5 13.Rd1 e5 14.dxe5 Nxe5 15.
O-O Qe7 16.Be3 Rfe8 17.Rfe1 Rab8 18.Bd4 a5 19.Bxe5 Qxe5 20.Qa3 d4 21.Na4 
d3 22.Bxd3 Qxe1+ 23.Rxe1 Rxe1+ 24.Bf1 Rd8 25.g4 Bd3 0-1

[Event "4NCL Division 2a"]
[Site "Birmingham, ENG ENG"]
[Date "2016.01.24"]
[Round "4.243"]
[White "Mihalik, Agoston"]
[Black "Grieve, Harry"]
[Result "0-1"]
[WhiteElo "2154"]
[BlackElo "2080"]
[EventDate "2016.01.24"]
[PlyCount "70"]
[WhiteTeam "Brown Jack Witney"]
[BlackTeam "MK Phoenix 1"]

1.e4 c5 2.Nf3 e6 3.d4 cxd4 4.Nxd4 a6 5.Bd3 Bc5 6.Nb3 Be7 7.O-O d6 8.f4 Nd7
9.Qe2 Qc7 10.c4 Ngf6 11.Nc3 b6 12.Kh1 Bb7 13.Nd4 Rc8 {(=)} 14.b3 Nc5 15.
Bc2 O-O 16.Bb2 Rfd8 17.b4 Ncd7 18.Bb3 Nb8 19.f5 e5 20.Nc2 Nc6 21.Nd5 Nxd5 
22.exd5 Nb8 23.f6 Bxf6 24.Rxf6 gxf6 25.Ne3 f5 26.Rf1 f6 27.Nxf5 Kh8 28.Ng3
Qe7 29.Bc2 Rg8 {(=)} 30.Nf5 Qf8 31.Qe4 Rc7 32.Qh4 Bxd5 33.Nxd6 Bxg2+ 34.
Kg1 Bxf1+ 35.Kxf1 Qxd6 0-1